[Event "24. Acropolis 2009"]
[Site "Chalkida GRE"]
[Date "2009.08.10"]
[Round "1.1"]
[White "Smirin, Ilia"]
[Black "Pavlidis, Anastasios"]
[Result "1-0"]
[WhiteElo "2650"]
[BlackElo "2348"]
[PlyCount "117"]
[EventDate "2009.08.10"]
[EventType "swiss"]
[EventRounds "9"]
[EventCountry "GRE"]
[Source "lmi"]
[SourceDate "2009.08.10"]

1. e4 c5 2. Nf3 d6 3. d4 Nf6 4. Nc3 cxd4 5. Nxd4 g6 6. Be3 Bg7 7. Be2 O-O 8.
Qd2 Ng4 9. Bxg4 Bxg4 10. h4 Nc6 11. f3 Bd7 12. h5 Ne5 13. hxg6 fxg6 14. Bh6 Nc4
15. Qe2 Rc8 16. Bxg7 Kxg7 17. O-O-O Qa5 18. Nb3 Qg5+ 19. Kb1 Be6 20. Nd5 Qe5
21. c3 Bxd5 22. Rxd5 Qf6 23. Na5 Nxa5 24. Rxa5 a6 25. Qe3 Rf7 26. Qb6 e5 27.
Rd5 Rc6 28. Qe3 Qe7 29. a4 Qc7 30. Rhd1 Rf6 31. Kc2 Rf8 32. g3 Rf6 33. f4 exf4
34. gxf4 Qf7 35. e5 Re6 36. Rxd6 Rcxd6 37. Rxd6 Rxd6 38. exd6 Qd7 39. Qd4+ Kf7
40. Kd2 h5 41. Qd5+ Kf6 42. Ke3 Qh3+ 43. Kd4 Qd7 44. b3 h4 45. Ke4 h3 46. Kf3
h2 47. Qe5+ Kf7 48. Kg2 h1=Q+ 49. Kxh1 Qh3+ 50. Kg1 Qg3+ 51. Kf1 Qd3+ 52. Kf2
Qd2+ 53. Kg3 Qd3+ 54. Kh4 Qd2 55. Qe7+ Kg8 56. Kg5 Qd5+ 57. Kxg6 Qd3+ 58. Kf6
Qxc3+ 59. Qe5 1-0

[Event "24. Acropolis 2009"]
[Site "Chalkida GRE"]
[Date "2009.08.10"]
[Round "1.2"]
[White "Cherednichenko, Svetlana"]
[Black "Predojevic, Borki"]
[Result "0-1"]
[WhiteElo "2347"]
[BlackElo "2644"]
[PlyCount "86"]
[EventDate "2009.08.10"]
[EventType "swiss"]
[EventRounds "9"]
[EventCountry "GRE"]
[Source "lmi"]
[SourceDate "2009.08.10"]

1. d4 d5 2. Nf3 c6 3. e3 Bg4 4. c4 e6 5. Nc3 Nd7 6. Be2 Ngf6 7. Ne5 Bxe2 8.
Qxe2 Bb4 9. Nxd7 Qxd7 10. Bd2 a5 11. Na4 Qc7 12. c5 Bxd2+ 13. Qxd2 Nd7 14. O-O
O-O 15. Rab1 e5 16. b4 exd4 17. exd4 axb4 18. Rxb4 Rab8 19. Rfb1 Rfe8 20. Nc3
Nf8 21. Ne2 Ne6 22. Qb2 Re7 23. Rb6 g6 24. a4 Rbe8 25. Ng3 h5 26. h4 Ra8 27.
Ra1 Ra7 28. Ne2 Ng7 29. Qd2 Qd7 30. Kh2 Qg4 31. Nf4 Qxh4+ 32. Kg1 Re4 33. g3
Qe7 34. f3 Re3 35. Kf2 Nf5 36. a5 Qg5 37. Rg1 Ra3 38. Rb2 Qf6 39. Rd1 R3xa5 40.
Ne2 Ra3 41. Qf4 g5 42. Qb8+ Kg7 43. Rbd2 Rxf3+ 0-1

[Event "24. Acropolis 2009"]
[Site "Chalkida GRE"]
[Date "2009.08.10"]
[Round "1.3"]
[White "Azarov, Sergei"]
[Black "Sowray, Peter J"]
[Result "1-0"]
[WhiteElo "2630"]
[BlackElo "2335"]
[PlyCount "107"]
[EventDate "2009.08.10"]
[EventType "swiss"]
[EventRounds "9"]
[EventCountry "GRE"]
[Source "lmi"]
[SourceDate "2009.08.10"]

1. e4 e5 2. Nf3 Nc6 3. Bb5 a6 4. Ba4 Nf6 5. O-O Be7 6. Re1 b5 7. Bb3 d6 8. c3
O-O 9. h3 Na5 10. Bc2 c5 11. d4 Qc7 12. d5 Bd7 13. b3 Nb7 14. Nbd2 Nd8 15. a4
Rc8 16. Bd3 Ne8 17. Nf1 f6 18. Ne3 g6 19. axb5 axb5 20. Re2 Nf7 21. Rea2 Rb8
22. b4 c4 23. Bc2 Qc8 24. Nf1 Bd8 25. Be3 Bb6 26. Bxb6 Rxb6 27. Ng3 Ng7 28. Qd2
Rb7 29. Ra6 Qc7 30. Bd1 Rfb8 31. Nh2 Qd8 32. Ng4 Qe7 33. Nh6+ Nxh6 34. Qxh6 Be8
35. Nf1 f5 36. exf5 Nxf5 37. Qd2 Bd7 38. Bg4 Rf8 39. Ra7 Bc8 40. Ra8 Kg7 41.
Ng3 Nxg3 42. Bxc8 Rc7 43. Be6 Nh5 44. g3 Rxa8 45. Rxa8 Nf6 46. Qe3 Rb7 47. Kg2
Qc7 48. h4 Rb8 49. Ra7 Rb7 50. Ra6 Qe7 51. Ra8 Qc7 52. h5 Rb8 53. h6+ Kh8 54.
Qf3 1-0

[Event "24. Acropolis 2009"]
[Site "Chalkida GRE"]
[Date "2009.08.10"]
[Round "1.4"]
[White "Mamedjarova, Zeinab"]
[Black "Belov, Vladimir"]
[Result "0-1"]
[WhiteElo "2325"]
[BlackElo "2627"]
[PlyCount "48"]
[EventDate "2009.08.10"]
[EventType "swiss"]
[EventRounds "9"]
[EventCountry "GRE"]
[Source "lmi"]
[SourceDate "2009.08.10"]

1. d4 Nf6 2. Nf3 g6 3. Bf4 d6 4. e3 Nh5 5. Bg5 h6 6. Bh4 g5 7. Bg3 e6 8. Bd3
Bg7 9. Nc3 Nxg3 10. hxg3 Nd7 11. Qe2 Qe7 12. O-O-O a6 13. g4 c5 14. dxc5 Nxc5
15. Ne4 Na4 16. Nxd6+ Kf8 17. Nc4 b5 18. Nce5 Qc7 19. Be4 Bxe5 20. Nxe5 Qxe5
21. Rd8+ Ke7 22. Rxh8 Qxb2+ 23. Kd2 Qc3+ 24. Kc1 Qxh8 0-1

[Event "24. Acropolis 2009"]
[Site "Chalkida GRE"]
[Date "2009.08.10"]
[Round "1.8"]
[White "Botsari, Anna Maria"]
[Black "Mamedov, Nidjat"]
[Result "0-1"]
[WhiteElo "2298"]
[BlackElo "2614"]
[PlyCount "52"]
[EventDate "2009.08.10"]
[EventType "swiss"]
[EventRounds "9"]
[EventCountry "GRE"]
[Source "lmi"]
[SourceDate "2009.08.10"]

1. d4 Nf6 2. c4 g6 3. Nc3 Bg7 4. e4 d6 5. f3 a6 6. Bg5 c6 7. Qd2 b5 8. d5 O-O
9. cxb5 axb5 10. dxc6 b4 11. Nd5 Nxc6 12. Bb5 Ne5 13. Nxb4 Be6 14. Nd5 Nxd5 15.
exd5 Rb8 16. a4 Bd7 17. Qe2 Qa5+ 18. Bd2 Bxb5 19. Bxa5 Bxe2 20. Nxe2 Rxb2 21.
Bc3 Nd3+ 22. Kf1 Bxc3 23. Nxc3 Rc8 24. Nd1 Rd2 25. g3 Rcc2 26. f4 Re2 0-1

[Event "24. Acropolis 2009"]
[Site "Chalkida GRE"]
[Date "2009.08.10"]
[Round "1.9"]
[White "Svetushkin, Dmitry"]
[Black "Aggelis, Nikolaos"]
[Result "1-0"]
[WhiteElo "2607"]
[BlackElo "2296"]
[PlyCount "83"]
[EventDate "2009.08.10"]
[EventType "swiss"]
[EventRounds "9"]
[EventCountry "GRE"]
[Source "lmi"]
[SourceDate "2009.08.10"]

1. e4 e5 2. Nf3 Nc6 3. Bb5 a6 4. Ba4 Nf6 5. O-O Be7 6. d3 b5 7. Bb3 O-O 8. a4
b4 9. Nbd2 d6 10. a5 Be6 11. Re1 Rb8 12. Bc4 Qc8 13. b3 h6 14. Nf1 Re8 15. Ne3
Nd4 16. Nxd4 exd4 17. Bxe6 fxe6 18. Nc4 e5 19. Bd2 Qg4 20. Qxg4 Nxg4 21. g3 Rf8
22. Re2 Bg5 23. Be1 Be7 24. Kg2 g6 25. h3 Nf6 26. Bd2 Kg7 27. Rf1 g5 28. f4
exf4 29. gxf4 Nh5 30. f5 Bf6 31. Kf3 Be5 32. Rg2 Bf4 33. h4 Kf6 34. Rh1 Bxd2
35. Nxd2 Rh8 36. hxg5+ hxg5 37. Rgh2 g4+ 38. Kxg4 Rhg8+ 39. Kf3 Ng7 40. Kf4 Rb5
41. Rh6+ Kf7 42. Nf3 1-0

[Event "24. Acropolis 2009"]
[Site "Chalkida GRE"]
[Date "2009.08.10"]
[Round "1.10"]
[White "Fakhiridou, Ekaterini"]
[Black "Gelashvili, Tamaz"]
[Result "0-1"]
[WhiteElo "2277"]
[BlackElo "2605"]
[PlyCount "94"]
[EventDate "2009.08.10"]
[EventType "swiss"]
[EventRounds "9"]
[EventCountry "GRE"]
[Source "lmi"]
[SourceDate "2009.08.10"]

1. e4 d6 2. d4 g6 3. Nc3 Bg7 4. Nf3 a6 5. Be3 Nd7 6. Qd2 b5 7. a3 Bb7 8. Bd3 c5
9. O-O cxd4 10. Bxd4 Ngf6 11. a4 e5 12. Be3 b4 13. Nd1 a5 14. Bh6 O-O 15. Bxg7
Kxg7 16. Qe2 d5 17. Nd2 dxe4 18. Nxe4 Nd5 19. g3 Qe7 20. c4 Nc7 21. Ne3 f5 22.
Nd2 Ne6 23. Nd5 Qd6 24. Nb3 Nf6 25. Rfe1 Nxd5 26. cxd5 Bxd5 27. Bc4 Bxc4 28.
Qxc4 Ng5 29. Red1 Qf6 30. Rd7+ Kh8 31. Rf1 f4 32. Nd2 Rad8 33. Rxd8 Rxd8 34.
Ne4 Nxe4 35. Qxe4 Rd2 36. Qa8+ Kg7 37. Qxa5 Rxb2 38. Qc7+ Kh6 39. a5 Ra2 40.
Qc4 Rxa5 41. Qxb4 Rd5 42. Re1 f3 43. Qe4 Rd4 44. Qe3+ Kg7 45. Ra1 Rd7 46. h4
Qf5 47. Ra5 Rd1+ 0-1

[Event "24. Acropolis 2009"]
[Site "Chalkida GRE"]
[Date "2009.08.10"]
[Round "1.11"]
[White "Banikas, Hristos"]
[Black "Gluckman, David"]
[Result "1-0"]
[WhiteElo "2598"]
[BlackElo "2275"]
[PlyCount "119"]
[EventDate "2009.08.10"]
[EventType "swiss"]
[EventRounds "9"]
[EventCountry "GRE"]
[Source "lmi"]
[SourceDate "2009.08.10"]

1. e4 e5 2. Nf3 Nc6 3. Bb5 g6 4. c3 a6 5. Bc4 Bg7 6. d4 d6 7. Bg5 Nge7 8. O-O
O-O 9. dxe5 dxe5 10. a4 Qxd1 11. Rxd1 h6 12. Be3 Re8 13. Na3 Nd8 14. Rd2 Be6
15. Rad1 Nec6 16. b4 g5 17. h4 f6 18. Nh2 Bxc4 19. Nxc4 Ne6 20. Nf1 gxh4 21. f3
h5 22. Rd7 Rad8 23. Kh2 Rxd7 24. Rxd7 Ne7 25. Bf2 Ng6 26. Nfe3 Rd8 27. Rxd8+
Nxd8 28. Nf5 Kf7 29. Nxh4 Nxh4 30. Bxh4 Bh6 31. Nxe5+ fxe5 32. Bxd8 c6 33. Bc7
Ke6 34. c4 b5 35. cxb5 cxb5 36. axb5 axb5 37. Bb6 Bf8 38. Ba5 Be7 39. Kh3 Kf6
40. g3 Kg5 41. Kg2 h4 42. Bc7 Kf6 43. gxh4 Bxb4 44. Kf1 Bd2 45. Ke2 Bf4 46. Kd3
Kg6 47. Kc3 Kh5 48. Bd8 Bg3 49. Bf6 Kg6 50. Be7 Be1+ 51. Kb3 Kh5 52. Bf6 Bxh4
53. Bxe5 Be7 54. Kc3 Kg6 55. Kd4 Kf7 56. Kd5 Ba3 57. f4 b4 58. Kc4 Ke6 59. Bd4
Bc1 60. f5+ 1-0

[Event "24. Acropolis 2009"]
[Site "Chalkida GRE"]
[Date "2009.08.10"]
[Round "1.12"]
[White "Gogolis, Alexandros"]
[Black "Rozentalis, Eduardas"]
[Result "0-1"]
[WhiteElo "2275"]
[BlackElo "2588"]
[PlyCount "62"]
[EventDate "2009.08.10"]
[EventType "swiss"]
[EventRounds "9"]
[EventCountry "GRE"]
[Source "lmi"]
[SourceDate "2009.08.10"]

1. d4 Nf6 2. Nf3 c5 3. c3 Qb6 4. Qb3 d5 5. Bf4 Nc6 6. e3 c4 7. Qc2 Bf5 8. Qc1
Nh5 9. Bg3 Nxg3 10. hxg3 Qc7 11. Nbd2 b5 12. Be2 e6 13. a3 Bd6 14. Bd1 a5 15.
Bc2 Bxc2 16. Qxc2 f5 17. Ng5 Qe7 18. f4 h6 19. Ngf3 O-O 20. Rh4 b4 21. g4 fxg4
22. Rxg4 Qf7 23. Nh4 Ne7 24. Ndf3 Qh5 25. Rg3 bxc3 26. bxc3 Rab8 27. Rb1 Rxb1+
28. Qxb1 Nf5 29. Rh3 Nxe3 30. Kf2 Bxf4 31. Qb6 Qg4 0-1

[Event "24. Acropolis 2009"]
[Site "Chalkida GRE"]
[Date "2009.08.10"]
[Round "1.13"]
[White "Yakovich, Yuri"]
[Black "Nikolaidis, Konstantinos"]
[Result "1-0"]
[WhiteElo "2576"]
[BlackElo "2270"]
[PlyCount "97"]
[EventDate "2009.08.10"]
[EventType "swiss"]
[EventRounds "9"]
[EventCountry "GRE"]
[Source "lmi"]
[SourceDate "2009.08.10"]

1. c4 Nf6 2. Nc3 e5 3. Nf3 Nc6 4. g3 Bb4 5. Bg2 O-O 6. O-O Re8 7. Nd5 Nxd5 8.
cxd5 Nd4 9. Ne1 d6 10. e3 Nf5 11. Nc2 Bc5 12. b4 Bb6 13. a4 a6 14. Na3 Bd7 15.
Nc4 Ba7 16. Na5 Rb8 17. Ba3 Re7 18. Qc2 g6 19. Rfc1 Be8 20. Qb3 Qd7 21. Bb2 Nh6
22. Rc3 Bb6 23. Nc4 Ba7 24. Na5 Bb6 25. Nc4 Ba7 26. Qc2 f6 27. b5 axb5 28. axb5
Bc5 29. Rb3 Nf7 30. b6 Bxb6 31. Nxb6 cxb6 32. Rxb6 Qd8 33. Qb3 Rc7 34. Ba3 Qe7
35. Bh3 Bd7 36. Be6 Ra8 37. Rb1 Kg7 38. Bxf7 Qxf7 39. Bxd6 Ba4 40. Qa3 Rd7 41.
e4 Qe8 42. Rxb7 h5 43. Rb8 Rd8 44. R1b7+ Kg8 45. Rxa8 Rxa8 46. Qf3 Qc8 47. Rc7
Qd8 48. Bxe5 Ra6 49. Rb7 1-0

[Event "24. Acropolis 2009"]
[Site "Chalkida GRE"]
[Date "2009.08.10"]
[Round "1.14"]
[White "Vragoteris, Antonios"]
[Black "Kolev, Atanas"]
[Result "0-1"]
[WhiteElo "2266"]
[BlackElo "2569"]
[PlyCount "81"]
[EventDate "2009.08.10"]
[EventType "swiss"]
[EventRounds "9"]
[EventCountry "GRE"]
[Source "lmi"]
[SourceDate "2009.08.10"]

1. d4 Nf6 2. c4 e6 3. Nf3 d5 4. e3 a6 5. Nbd2 dxc4 6. Nxc4 Nbd7 7. Bd3 b5 8.
Na5 c5 9. Bd2 Bd6 10. Rc1 O-O 11. O-O Qb6 12. e4 cxd4 13. Rc6 Qb8 14. Qe2 Ng4
15. Rc2 Nde5 16. Nxe5 Nxe5 17. f4 Nxd3 18. Qxd3 Bd7 19. Qxd4 Rd8 20. Qf2 Bf8
21. e5 Rc8 22. Rfc1 Rxc2 23. Rxc2 Qe8 24. Nb7 Bc6 25. Nd6 Qd7 26. Bb4 Bd5 27.
b3 a5 28. Bc5 h6 29. Qd4 b4 30. h3 Qc6 31. Qf2 Qa6 32. f5 Qd3 33. f6 Qg6 34.
Kh2 gxf6 35. exf6 Rd8 36. Nb5 Rc8 37. g4 Qe4 38. Kg3 Qe5+ 39. Kh4 Be4 40. Rc4
Rxc5 41. a3 0-1

[Event "24. Acropolis 2009"]
[Site "Chalkida GRE"]
[Date "2009.08.10"]
[Round "1.15"]
[White "Mastrovasilis, Dimitrios"]
[Black "Simeonidis, Ioannis"]
[Result "1-0"]
[WhiteElo "2567"]
[BlackElo "2266"]
[PlyCount "59"]
[EventDate "2009.08.10"]
[EventType "swiss"]
[EventRounds "9"]
[EventCountry "GRE"]
[Source "lmi"]
[SourceDate "2009.08.10"]

1. Nf3 g6 2. e4 d6 3. d4 Nf6 4. Nbd2 Bg7 5. Bc4 Nxe4 6. Nxe4 d5 7. Bd3 dxe4 8.
Bxe4 Nd7 9. c3 O-O 10. O-O c5 11. Bg5 Qc7 12. Bxe7 Re8 13. d5 Qf4 14. Bg5 Qd6
15. Re1 Nb6 16. Qd2 Nc4 17. Qd3 Ne5 18. Nxe5 Bxe5 19. h3 Bd7 20. Re2 f6 21. Bd2
Re7 22. f4 Bxf4 23. Bxf4 Qxf4 24. d6 Re5 25. Rf1 Qg5 26. h4 Qxh4 27. Bd5+ Kh8
28. Rxe5 fxe5 29. Qe3 Re8 30. Bf7 1-0

[Event "24. Acropolis 2009"]
[Site "Chalkida GRE"]
[Date "2009.08.10"]
[Round "1.16"]
[White "Khurtsilava, Inga"]
[Black "David, Alberto"]
[Result "0-1"]
[WhiteElo "2261"]
[BlackElo "2565"]
[PlyCount "66"]
[EventDate "2009.08.10"]
[EventType "swiss"]
[EventRounds "9"]
[EventCountry "GRE"]
[Source "lmi"]
[SourceDate "2009.08.10"]

1. d4 Nf6 2. Nf3 c5 3. e3 g6 4. Bd3 Bg7 5. O-O O-O 6. Nbd2 d5 7. c3 Qc7 8. Ne5
b6 9. f4 Ba6 10. Bxa6 Nxa6 11. g4 b5 12. g5 Ne8 13. Qb3 Qb7 14. a4 b4 15. dxc5
Nxc5 16. Qxb4 Qc7 17. Qd4 e6 18. e4 f6 19. Nd3 Nxd3 20. Qxd3 fxg5 21. fxg5 Nd6
22. exd5 Qc5+ 23. Kg2 exd5 24. Nf3 Rae8 25. Ra2 d4 26. cxd4 Qd5 27. b3 Re4 28.
h3 Rxd4 29. Qe2 Nf5 30. Kh2 Qd6+ 31. Kg1 Ng3 32. Qe3 Nxf1 33. Kxf1 Rd3 0-1

[Event "24. Acropolis 2009"]
[Site "Chalkida GRE"]
[Date "2009.08.10"]
[Round "1.18"]
[White "Ozturk, Kubra"]
[Black "Halkias, Stelios"]
[Result "0-1"]
[WhiteElo "2256"]
[BlackElo "2564"]
[PlyCount "60"]
[EventDate "2009.08.10"]
[EventType "swiss"]
[EventRounds "9"]
[EventCountry "GRE"]
[Source "lmi"]
[SourceDate "2009.08.10"]

1. d4 Nf6 2. c4 e6 3. Nf3 b6 4. Nc3 Bb4 5. Bg5 h6 6. Bxf6 Qxf6 7. Rc1 Bb7 8. e3
O-O 9. Bd3 d6 10. O-O Bxc3 11. Rxc3 Nd7 12. Bb1 Rfd8 13. Ne1 c5 14. f4 d5 15.
cxd5 cxd4 16. exd4 Bxd5 17. f5 e5 18. dxe5 Nxe5 19. Qa4 Rac8 20. Qc2 Bb7 21.
Rxc8 Rxc8 22. Qe2 Nc4 23. Nd3 Qd4+ 24. Qf2 Qxf2+ 25. Rxf2 Be4 26. Bc2 Ne3 27.
Re2 Rxc2 28. Rxe3 Bxf5 29. Nb4 Rxb2 30. Nc6 Be6 0-1

[Event "24. Acropolis 2009"]
[Site "Chalkida GRE"]
[Date "2009.08.10"]
[Round "1.19"]
[White "Muzychuk, Anna"]
[Black "Galopoulos, Nikolaos"]
[Result "1-0"]
[WhiteElo "2542"]
[BlackElo "2255"]
[PlyCount "47"]
[EventDate "2009.08.10"]
[EventType "swiss"]
[EventRounds "9"]
[EventCountry "GRE"]
[Source "lmi"]
[SourceDate "2009.08.10"]

1. e4 c5 2. Nf3 d6 3. d4 Nf6 4. Nc3 cxd4 5. Nxd4 a6 6. Be3 e5 7. Nde2 Be6 8. f4
Be7 9. f5 Bd7 10. Ng3 Bc6 11. Bc4 O-O 12. O-O Nbd7 13. Nd5 Rc8 14. c3 Nc5 15.
Nxf6+ Bxf6 16. Bd5 Bg5 17. Bxc5 dxc5 18. Qg4 Be3+ 19. Kh1 Qg5 20. Qh3 Rfd8 21.
f6 Bd7 22. Rf5 g6 23. Rxg5 Bxg5 24. Bxf7+ 1-0

[Event "24. Acropolis 2009"]
[Site "Chalkida GRE"]
[Date "2009.08.10"]
[Round "1.21"]
[White "Dzagnidze, Nana"]
[Black "Stavrianakis, Ioannis"]
[Result "0-1"]
[WhiteElo "2536"]
[BlackElo "2240"]
[PlyCount "136"]
[EventDate "2009.08.10"]
[EventType "swiss"]
[EventRounds "9"]
[EventCountry "GRE"]
[Source "lmi"]
[SourceDate "2009.08.10"]

1. d4 d5 2. c4 e6 3. Nc3 Nf6 4. Bg5 c6 5. e3 Nbd7 6. cxd5 exd5 7. Bd3 Be7 8.
Qc2 h6 9. Bh4 O-O 10. f3 c5 11. Nge2 Re8 12. O-O b6 13. Rad1 Bb7 14. Bf5 a6 15.
Kh1 Qc7 16. Bg3 Bd6 17. Bxd6 Qxd6 18. e4 dxe4 19. Nxe4 Qc7 20. N2g3 Bxe4 21.
fxe4 Nf8 22. e5 Nd5 23. Qb3 c4 24. Qf3 Rad8 25. Be4 Qd7 26. Nh5 Ng6 27. Qg3 Qe6
28. Bf5 Qc6 29. e6 Rxe6 30. Bxe6 Qxe6 31. Rde1 Qd7 32. Re4 b5 33. Qa3 Qc6 34.
Qc5 Qxc5 35. dxc5 Rc8 36. Kg1 a5 37. a4 b4 38. Ng3 c3 39. b3 Rxc5 40. Ne2 Nf6
41. Rd4 Ne5 42. Nc1 Kh7 43. Re1 Kg6 44. Kf2 Kf5 45. Ke2 Nd5 46. Rf1+ Ke6 47.
Nd3 Nxd3 48. Kxd3 f5 49. Re1+ Kd6 50. Rc4 Rxc4 51. Kxc4 f4 52. Rd1 Ke6 53. Kb5
Ne3 54. Rc1 Kd5 55. Kxa5 Kc5 56. Ka6 Nxg2 57. Kb7 f3 58. a5 f2 59. Rf1 c2 60.
a6 Ne3 61. Rxf2 c1=Q 62. a7 Kb5 63. a8=Q Qc6+ 64. Kb8 Qd6+ 65. Kc8 Nd5 66. Qb8+
Nb6+ 67. Kb7 Qd7+ 68. Qc7 Qd5+ 0-1

[Event "24. Acropolis 2009"]
[Site "Chalkida GRE"]
[Date "2009.08.10"]
[Round "1.23"]
[White "Tukhaev, Adam"]
[Black "Sebastian, Filippas"]
[Result "1-0"]
[WhiteElo "2534"]
[BlackElo "2224"]
[PlyCount "59"]
[EventDate "2009.08.10"]
[EventType "swiss"]
[EventRounds "9"]
[EventCountry "GRE"]
[Source "lmi"]
[SourceDate "2009.08.10"]

1. e4 c5 2. Nf3 d6 3. d4 cxd4 4. Nxd4 Nf6 5. Nc3 g6 6. Be3 Bg7 7. f3 Nc6 8. Qd2
Bd7 9. O-O-O Rc8 10. g4 Ne5 11. Kb1 O-O 12. h4 h5 13. gxh5 Nxh5 14. Rg1 Rxc3
15. Qxc3 Nxf3 16. Rg2 Ne5 17. Qb3 Bg4 18. Be2 Bxe2 19. Nxe2 Qd7 20. Bd4 Kh7 21.
Rf1 e6 22. Ng3 Nxg3 23. Qxg3 Qb5 24. Rgf2 Kg8 25. Rg1 Qc4 26. Bxe5 Bxe5 27. Qf3
Qb5 28. Rxg6+ Bg7 29. Rxg7+ Kxg7 30. Qf6+ 1-0

[Event "24. Acropolis 2009"]
[Site "Chalkida GRE"]
[Date "2009.08.10"]
[Round "1.24"]
[White "Skaperdas, Kostantinos"]
[Black "Georgiev, Vladimir"]
[Result "1/2-1/2"]
[WhiteElo "2222"]
[BlackElo "2530"]
[PlyCount "81"]
[EventDate "2009.08.10"]
[EventType "swiss"]
[EventRounds "9"]
[EventCountry "GRE"]
[Source "lmi"]
[SourceDate "2009.08.10"]

1. e4 c5 2. Nf3 Nc6 3. d4 cxd4 4. Nxd4 Nf6 5. Nc3 g6 6. Be3 Bg7 7. Bc4 O-O 8.
Bb3 b6 9. f3 Bb7 10. Qd2 Na5 11. O-O-O d5 12. e5 Nd7 13. f4 Nc5 14. h4 Qd7 15.
h5 Naxb3+ 16. axb3 a5 17. g4 a4 18. b4 a3 19. b3 Ne4 20. Nxe4 dxe4 21. hxg6
fxg6 22. Qh2 h6 23. Nf5 Qxd1+ 24. Rxd1 gxf5 25. gxf5 Rxf5 26. Kb1 a2+ 27. Kb2
b5 28. Ra1 e6 29. Rxa2 Rxa2+ 30. Kxa2 h5 31. Qh4 Bd5 32. Qe7 Bf8 33. Qe8 Rf7
34. Qd8 Kh7 35. Qh4 Rf5 36. c3 Kg6 37. Kb2 Bh6 38. Qg3+ Kf7 39. Kc2 Bf8 40. Bd2
Be7 41. Be3 1/2-1/2

[Event "24. Acropolis 2009"]
[Site "Chalkida GRE"]
[Date "2009.08.10"]
[Round "1.25"]
[White "Nikolaidis, Ioannis"]
[Black "Kordis, Konstantinos"]
[Result "1-0"]
[WhiteElo "2529"]
[BlackElo "2221"]
[PlyCount "59"]
[EventDate "2009.08.10"]
[EventType "swiss"]
[EventRounds "9"]
[EventCountry "GRE"]
[Source "lmi"]
[SourceDate "2009.08.10"]

1. d4 Nf6 2. Nf3 g6 3. c4 Bg7 4. Nc3 O-O 5. e4 d6 6. Be2 e5 7. d5 a5 8. Be3 Na6
9. Nd2 Nd7 10. O-O Ndc5 11. a3 Bd7 12. b3 f5 13. f3 Qe8 14. Qb1 fxe4 15. Ncxe4
Nxe4 16. Nxe4 Bf5 17. b4 Bxe4 18. fxe4 Rxf1+ 19. Bxf1 b6 20. Ra2 Bf8 21. g3 Qc8
22. h4 Nb8 23. Kh2 axb4 24. axb4 Rxa2+ 25. Qxa2 h6 26. Bh3 Qd8 27. Qa4 Kf7 28.
Be6+ Ke7 29. Qd1 Nc6 30. Qg4 1-0

[Event "24. Acropolis 2009"]
[Site "Chalkida GRE"]
[Date "2009.08.10"]
[Round "1.26"]
[White "Yildiz, Betul Cemre"]
[Black "Chirila, Ioan-Cristian"]
[Result "0-1"]
[WhiteElo "2217"]
[BlackElo "2526"]
[PlyCount "72"]
[EventDate "2009.08.10"]
[EventType "swiss"]
[EventRounds "9"]
[EventCountry "GRE"]
[Source "lmi"]
[SourceDate "2009.08.10"]

1. e4 c5 2. Nf3 e6 3. d4 cxd4 4. Nxd4 a6 5. c4 Nf6 6. Nc3 Qc7 7. Be2 d6 8. O-O
b6 9. Be3 Bb7 10. f3 Nbd7 11. Rc1 Be7 12. Qe1 O-O 13. g4 Rac8 14. Qf2 Qb8 15.
Rfd1 Ne5 16. b3 Rfe8 17. Na4 Bd8 18. Nc2 b5 19. cxb5 axb5 20. Nb2 Bxe4 21. fxe4
Rxc2 22. Rxc2 Nfxg4 23. Bxg4 Nxg4 24. Qf3 Nxe3 25. Rf2 Qa7 26. Rxd6 Bh4 27. Nd3
Qc7 28. Ra6 Bxf2+ 29. Qxf2 Ng4 30. Qe2 h5 31. e5 Rd8 32. h3 Nh6 33. Qe4 Qc2 34.
Rd6 Rc8 35. Rd7 Qb1+ 36. Qe1 Qxa2 0-1

[Event "24. Acropolis 2009"]
[Site "Chalkida GRE"]
[Date "2009.08.10"]
[Round "1.27"]
[White "Mastrovasilis, Athanasios"]
[Black "Makka, Ioulia"]
[Result "1-0"]
[WhiteElo "2503"]
[BlackElo "2212"]
[PlyCount "64"]
[EventDate "2009.08.10"]
[EventType "swiss"]
[EventRounds "9"]
[EventCountry "GRE"]
[Source "lmi"]
[SourceDate "2009.08.10"]

1. Nf3 Nf6 2. c4 e6 3. g3 d5 4. b3 Be7 5. Bb2 O-O 6. Bg2 c5 7. O-O Nc6 8. cxd5
Nxd5 9. d4 cxd4 10. Nxd4 Nxd4 11. Bxd4 Nb4 12. Na3 Qa5 13. Nc4 Qa6 14. e3 Rd8
15. Qh5 Bd7 16. a3 Nc6 17. Bb2 Be8 18. Rfd1 Bf8 19. Bf1 b5 20. Nd2 Ne7 21. Nf3
f6 22. Qg4 e5 23. a4 Qb7 24. axb5 f5 25. Qc4+ Bf7 26. Qe2 Bh5 27. g4 Bxg4 28.
Rxd8 Rxd8 29. Qc4+ Nd5 30. Nxe5 Rc8 31. Nc6 Bf3 32. Rxa7 Qxa7 1-0

[Event "24. Acropolis 2009"]
[Site "Chalkida GRE"]
[Date "2009.08.10"]
[Round "1.28"]
[White "Zygouris, Hristos"]
[Black "Romanishin, Oleg M"]
[Result "0-1"]
[WhiteElo "2212"]
[BlackElo "2503"]
[PlyCount "142"]
[EventDate "2009.08.10"]
[EventType "swiss"]
[EventRounds "9"]
[EventCountry "GRE"]
[Source "lmi"]
[SourceDate "2009.08.10"]

1. e4 e5 2. f4 exf4 3. Nf3 d5 4. exd5 Nf6 5. Bb5+ Nbd7 6. c4 Be7 7. O-O c6 8.
dxc6 bxc6 9. Ba4 O-O 10. d4 Ba6 11. Bxc6 Bxc4 12. Bxa8 Bxf1 13. Qxf1 Qxa8 14.
Bxf4 Qb7 15. b3 Nd5 16. Bd2 Rc8 17. Qd3 Qc6 18. a3 N7f6 19. Ra2 Bd6 20. g3 h6
21. Ne1 Re8 22. Nc3 Nxc3 23. Bxc3 Qd5 24. Bd2 Rb8 25. Bb4 Bxb4 26. axb4 Rxb4
27. Rxa7 Qxd4+ 28. Qxd4 Rxd4 29. Ra8+ Kh7 30. Rb8 Rd1 31. Kf1 Rb1 32. b4 Nd7
33. Rb7 Ne5 34. Ke2 Rb2+ 35. Ke3 f6 36. b5 Nc4+ 37. Kd4 Nd6 38. Nd3 Rxb5 39.
Rxb5 Nxb5+ 40. Ke4 Nc3+ 41. Kd4 Na4 42. Nf4 Nb6 43. Kc5 Nd7+ 44. Kd6 Ne5 45.
Ke6 Nf3 46. h3 Kg8 47. g4 Kf8 48. Ng6+ Ke8 49. h4 Nd4+ 50. Kd5 Nc2 51. Ke4 Kf7
52. Nf4 Nb4 53. Kf5 Nc6 54. h5 Ne7+ 55. Ke4 f5+ 56. Kf3 Kf6 57. Kg3 Ke5 58.
gxf5 Kxf5 59. Nh3 Nd5 60. Kh4 Nb4 61. Kg3 Nc6 62. Kf3 Nd4+ 63. Kg3 Ne6 64. Kh4
Ng5 65. Nf2 Kf4 66. Nd3+ Ke4 67. Nf2+ Ke3 68. Ng4+ Kf4 69. Nf2 Nf3+ 70. Kh3 Kg5
71. Kg3 Nd4 0-1

[Event "24. Acropolis 2009"]
[Site "Chalkida GRE"]
[Date "2009.08.10"]
[Round "1.29"]
[White "Danielian, Elina"]
[Black "Karlovich, Anastazia"]
[Result "1-0"]
[WhiteElo "2502"]
[BlackElo "2211"]
[PlyCount "71"]
[EventDate "2009.08.10"]
[EventType "swiss"]
[EventRounds "9"]
[EventCountry "GRE"]
[Source "lmi"]
[SourceDate "2009.08.10"]

1. d4 Nf6 2. Nf3 c5 3. d5 b5 4. Bg5 d6 5. Bxf6 exf6 6. a4 bxa4 7. e4 g6 8. Bb5+
Bd7 9. Bxa4 Bg7 10. Bxd7+ Nxd7 11. O-O O-O 12. Ra2 Nb6 13. Qd3 Re8 14. c4 Qd7
15. Nc3 f5 16. exf5 Bxc3 17. Qxc3 Qxf5 18. h3 Re2 19. Ra6 Qc2 20. Qxc2 Rxc2 21.
b3 Rb2 22. Ra3 a5 23. Rc1 a4 24. bxa4 Rxa4 25. Rxa4 Nxa4 26. Ng5 Kg7 27. Ne4
Rb6 28. g4 Nb2 29. g5 h6 30. h4 hxg5 31. hxg5 Nd3 32. Ra1 Ne5 33. Ra8 f5 34.
gxf6+ Kf7 35. Ra7+ Kg8 36. Ng5 1-0